000 00682nam a2200289Ia 4500
005 20260324135651.0
008 008 260324s9999 xx 000 0 eng d
020 _a9780429092770
037 _aEBOOK
040 _aCRL
040 _beng
040 _cCRL
041 _2eng
041 _aeng
084 _qCRL
100 _aR.F Mould
_91201444
245 0 _aChernobyl Record
245 4 _bThe Definitive History of the Chernobyl Catastrophe
260 _bTaylor and Francis
260 _c2000
365 _a
365 _b305
856 _uhttp://www.taylorfrancis.com/books/9780429092770
942 _cEBOOK
999 _c1802781
_d1802781